| 000 | 00938cam a22003257a 4500 | ||
|---|---|---|---|
| 001 | 000012517 | ||
| 003 | CHAP | ||
| 005 | 20220329133837.0 | ||
| 008 | 971013s1986 r 00010 d | ||
| 010 | _a11681 | ||
| 011 | _a12653 | ||
| 035 | _a15974 | ||
| 040 | _cCHAP | ||
| 090 | _aFolleto 10547 | ||
| 100 | 0 | 0 |
_aOrtiz Olguín, Miguel. _984037 |
| 245 | 1 | 3 | _aEl muestreo de suelos salinos y sódicos. |
| 260 |
_aChapingo, Méx. : _bUACH. Departamento de Suelos, _c1986. |
||
| 300 | _a24 p. | ||
| 590 |
_aBATCH-UPD _b10 _c20130110 _lUCH01 _h1611 |
||
| 590 |
_aBATCH-UPD _b10 _c20130410 _lUCH01 _h1006 |
||
| 590 |
_aBATCH-UPD _b10 _c20130914 _lUCH01 _h1833 |
||
| 590 |
_aCONVERSION _b10 _c20130109 _lUCH01 _h1308 |
||
| 590 |
_aE6096MTM _b05 _c20160315 _lUCH01 _h1345 |
||
| 650 | 1 | 4 |
_aMuestreo de suelos. _979287 |
| 650 | 1 | 4 |
_aSuelos salinos. _9110558 |
| 650 | 1 | 4 |
_aSuelos sódicos. _9110560 |
| 901 | _aBK | ||
| 942 | _cFOLL | ||
| 942 | _n0 | ||
| 999 |
_c11681 _d11681 |
||